Diccionario inglés-español, español-inglés de términos administrativos (Registro nro. 9508)

Detalles MARC
000 -Cabecera
Campo de control de longitud fija 00546nam a22002057a 4500
005 - Fecha y hora de la última transacción
Campo de control 20250219180657.0
008 - Elementos de longitud fija--Información general
Campo de control de longitud fija 170602b1990 xxu||||| |||| 00| 0 spa d
041 ## - Idioma
Código de idioma Español
-- Inglés
082 ## - Clasificación Decimal Dewey
Número de clasificación R 658.03 F565d4
100 ## - Entrada principal--Autor personal
Nombre personal Fernández Collado, José Antonio
245 ## - Título propiamente dicho
Título Diccionario inglés-español, español-inglés de términos administrativos
250 ## - Edición
Mención de edición 4 edición
260 ## - Pie de imprenta
Lugar de publicación, distribución, etc. México
260 ## - Pie de imprenta
Nombre del editor, distribuidor, etc. Trillas
260 ## - Pie de imprenta
Fecha de publicación, distribución, etc. 1990
300 ## - Descripción física
Extensión 248 páginas
650 ## - Materia general
Temática (materia general) DICCIONARIOS
650 ## - Materia general
Temática (materia general) ADMINISTRACIÓN
942 ## - Punto de acceso adicional KOHA
Tipo de ítem KOHA Referencia
Fuente del sistema de clasificación o colocación Dewey Decimal Classification
Existencias
Signatura completa Código de barras Tipo de ítem
R 658.03 F565d4 5490 Referencia